Výročná správa

Gespeichert in:
Bibliographische Detailangaben
1. Verfasser: Okruhlica, František
Weitere Verfasser: Šebejová, Katarína, Debnár, Milan
Format: Buch
Sprache:Slowakisch
Veröffentlicht: Praha Wolters Kluwer 2018
Ausgabe:1. vydanie
Schlagworte:
Tags: Tag hinzufügen
Keine Tags, Fügen Sie das erste Tag hinzu!

MARC

LEADER 00000nam a2200000 4500
001 0248116
005 20231108121557.2
020 |a 978-80-7598-094-6 
041 0 |a slo 
044 |a SK 
245 1 0 |a Výročná správa  |c František Okruhlica, Katarína Šebejová, Milan Debnár ; recenzenti: Štefan Majtán, Ľuboš Vančo 
250 |a 1. vydanie 
264 1 |a Praha  |b Wolters Kluwer  |c 2018 
300 |a 196 s. 
610 2 0 |a prostredie podnikateľské 
610 2 0 |a transparentnosť 
610 2 0 |a podnik 
610 2 0 |a komunikácia 
610 2 0 |a zdroje informácií 
610 2 0 |a informácie vnútropodnikové 
610 2 0 |a správy výročné 
610 2 0 |a zodpovednosť podniku spoločenská 
610 2 0 |a závierka účtovná 
610 2 0 |a správa finančná 
610 2 0 |a dokumenty elektronické 
610 2 0 |a porovnanie medzinárodné 
610 2 0 |a Slovensko 
610 2 0 |a Česko 
100 1 |a Okruhlica, František 
700 1 |a Šebejová, Katarína 
700 1 |a Debnár, Milan